| 000 | 01022nas a2200301 4500 | ||
|---|---|---|---|
| 001 | BR2012002245 | ||
| 003 | BR-BrBNA | ||
| 005 | 20231205120344.0 | ||
| 007 | ta | ||
| 008 | 230509b bl.|||p| |||| 00| 00por d | ||
| 040 |
_aBR-BrBNA _bpor _cBiblioteca Nacional de Agricultura |
||
| 041 | _a(Pt) | ||
| 072 | _aH01; E70 | ||
| 100 | 1 | _aPreza, D. de L.C. | |
| 100 | 1 | _aNogueira, T.F. | |
| 100 | 1 | _aAugusto, L.G. da S. | |
| 245 | 1 | _aPráticas na comercialização e na indicação de agrotóxicos em região produtora de hortaliças no Estado da Bahia | |
| 246 | 1 | _aPractices in pesticide commercialization and prescription in a vegetable production region in the State of Bahia | |
| 650 | _aAGROTÓXICO | ||
| 650 | _aHORTALIÇA | ||
| 650 | _aTOXIDEZ | ||
| 650 | _aMERCADO | ||
| 650 | _aBAHIA | ||
| 773 | 0 |
_tMagistra (Brazil) _xISSN 2236-4420 _g(Oct-Dec 2011), v. 23(4) p. 168-174 _wBR2012002245 |
|
| 856 | 4 | 0 | _dLink DSPACE/MAPA BR2012002245 |
| 909 |
_a202311 _bLúcia _c55 _dLúcia Elande |
||
| 942 |
_2AGRIS _n0 _cANA |
||
| 999 |
_c218094 _d218094 |
||